000 00540nam a2200181Ia 4500
008 100921s9999 xx 000 0 und d
082 _b317
_a891.463 थ 65
100 _aखानोलकर चि.त्र्यं.
245 _aअजगर.
260 _bमौज प्रकाशन,मुंबई.
_c1965
300 _a112
_b---
365 _b3
520 _aललित-कादंबरी.
630 _aअजगर.
650 _aललित-कादंबरी.
730 _aअजगर.
942 _cBOOK
999 _c749430
_d749427